Handbook of management games /

Bibliographic Details
Main Author: Elgood, Chris
Format: Book
Language:English
Published: Aldershot, Hants, England ; Brookfield, Vt., U.S.A. : Gower, [1984]
Edition:3rd ed.
Subjects:

MARC

Tag First Indicator Second Indicator Subfields
LEADER 00000cam a2200000 a 4500
001 in00000382913
005 20151011125736.0
008 850716s1984 enka b 00110 eng
010 |a  85124054  
020 |a 056602442X :  |c $44.00 (U.S.) 
035 |a (OCoLC)11100246 
035 |9 ABS7449AM 
039 0 |a 2  |b 3  |c 3  |d 3  |e 3 
040 |a DLC  |c DLC  |d TXA  |d UtOrBLW 
049 |a TXAM  |c [A08628613] 
050 0 0 |a HD30.26  |b .E37 1984 
082 0 |a 658.4/0353  |2 19 
100 1 |a Elgood, Chris. 
245 1 0 |a Handbook of management games /  |c Chris Elgood. 
250 |a 3rd ed. 
264 1 |a Aldershot, Hants, England ;  |a Brookfield, Vt., U.S.A. :  |b Gower,  |c [1984] 
264 4 |c ©1984 
300 |a xi, 332 pages :  |b illustrations ;  |c 23 cm. 
336 |a text  |b txt  |2 rdacontent 
337 |a unmediated  |b n  |2 rdamedia 
338 |a volume  |b nc  |2 rdacarrier 
504 |a Includes bibliographical references and indexes. 
650 0 |a Management games. 
650 0 |a Management  |x Study and teaching. 
999 |a MARS 
999 f f |s 67c1c19c-f2cb-3359-a231-d3268f88bc21  |i ed5de6a0-29bd-3308-8dbf-e191242fadcf  |t 0 
952 f f |p ric  |a Texas A&M University  |b Rellis Campus  |c Joint Library Facility  |s JLF  |d Remote Storage  |t 0  |e HD30.26 .E37 1984  |h Library of Congress classification  |i unmediated -- volume  |m A14808628613 
998 f f |a HD30.26 .E37 1984  |t 0  |l Remote Storage